Philippine Regions - Statistics

General Stats
  • This quiz has been taken 57 times
  • The average score is 8 of 17
Answer Stats
Hint Answer % Correct
NCR National Capital Region
68%
Region IV-A CALABARZON
66%
Region I Ilocos Region
63%
Region V Bicol Region
61%
CAR Cordillera Administrative Region
61%
Region IV-B MIMAROPA
61%
Region II Cagayan Valley
59%
Region XI Davao Region
54%
Region III Central Luzon
44%
Region VII Central Visayas
41%
Region XIII Caraga
37%
Region VIII Eastern Visayas
37%
Region VI Western Visayas
37%
Region XII SOCCSKSARGEN
34%
ARMM Autonomous Region in Muslim Mindanao
22%
Region IX Zamboanga Peninsula
20%
Region X Northern Mindanao
17%
No matching quizzes found
Score Distribution
Percent of People with Each Score
Percentile by Number Answered
Your Score History
You have not taken this quiz